000 00529nam a2200193Ia 4500
005 20250508163135.0
008 008 250505s9999 xx 000 0 hin d
037 _aTextual
040 _aFEDL
_beng
_cFEDL
041 _ahin
_2eng
084 _a370.92, DUB
_qFEDL
100 _aDube Ramakant
_9772818
245 0 _aVishava ke kuch mahan shiksha shastri
260 _aMeerut, India
_bMeenakshi Prakashan
300 _a294p
650 _aEducation
942 _cTEXL
_h370.92, DUB
999 _c1381096
_d1381096